00471 2200193 4500001002100000008004100021035002000062245004000082100001200122260002400134300002000158020002200178084001400200082000800214650001000222990001500232990001500247990001500262INLIS000000000003230 ind  a0010-1225000051 aDompet Ayah Sepatu IbucJ.S.Khairen aKhairen aJakarta :bGrasindo a216c13,5x20 cm a978-602-05-3022-2 a813 KHA d a813 aFiksi a19699/B/26 a19700/B/26 a19701/B/26